000 00207nam a22000857a 4500
999 _c10923
_d10923
008 180409b ||||| |||| 00| 0 eng d
100 _aArora Sumita
_96732
245 _aInformatics Practices
260 _aNew Delhi